Đánh giá hiệu năng mạng : Luận văn Thạc sĩ Công nghệ Thông tin chuyên nghành Hệ thống Thông tin

Đề tài này nhằm mục tiêu nghiên cứu các tiêu chí, phương pháp, công cụ để đo, phân tích, đánh giá Hiệu Năng Mạng, xây dựng mô hình đo Hiệu Năng Mạng. Bên cạnh đó, đề tài cũng đề xuất một số giải pháp thực nghiệm để tối ưu...

Полное описание

Сохранить в:
Библиографические подробности
Главный автор: Lý, Nguyễn Trung Hiếu
Формат:
Язык:Undetermined
Опубликовано: Cần Thơ Đại học Cần Thơ 2011
Предметы:
Метки: Добавить метку
Нет меток, Требуется 1-ая метка записи!
Thư viện lưu trữ: Trung tâm Học liệu Trường Đại học Cần Thơ
LEADER 01194nam a2200217Ia 4500
001 CTU_171382
008 210402s9999 xx 000 0 und d
082 |a 004.6 
082 |b H309 
088 |a 60480104 
100 |a Lý, Nguyễn Trung Hiếu 
245 0 |a Đánh giá hiệu năng mạng : 
245 0 |b Luận văn Thạc sĩ Công nghệ Thông tin chuyên nghành Hệ thống Thông tin 
245 0 |c Lý Nguyễn TRung Hiếu ; Ngô Bá Hùng (Cán bộ hướng dẫn) 
260 |a Cần Thơ 
260 |b Đại học Cần Thơ 
260 |c 2011 
520 |a Đề tài này nhằm mục tiêu nghiên cứu các tiêu chí, phương pháp, công cụ để đo, phân tích, đánh giá Hiệu Năng Mạng, xây dựng mô hình đo Hiệu Năng Mạng. Bên cạnh đó, đề tài cũng đề xuất một số giải pháp thực nghiệm để tối ưu 
650 |a Internet ( computer network ),Mạng thông tin,Mạng máy tính,Information networks 
904 |i Bé Hai, Trọng Hiếu 
980 |a Trung tâm Học liệu Trường Đại học Cần Thơ